000 01229cam a2200277 a 4500
001 000014450
005 20200929163843.0
008 010719s2000 ck a b 000 0 spa
020 _a9589684254
035 _a(BoCbEI)ei 010200740
040 _aDO-SdBNP
_cDLC
_dDLC
082 _a986.1062
_bA473p
100 1 _aÁlvarez Llanos, Jaime,
_d1962-
_932609
245 1 0 _aPrensa, desarrollo urbano y política en Barranquilla, 1880-1930 /
_cJaime Álvarez Llanos, Jaime Colpas Gutiérrez, Ever González Chamorro.
260 _aBarranquilla :
_bFondo de Publicaciones de la Universidad del Atlántico,
_c2000.
300 _a189 p. :
_bil. ;
_c24 cm.
490 1 _aCiencias económicas y sociales Rodrigo Noguera Barreneche
504 _aIncluye referencias bibliográficas y notas al pie de las páginas.
650 4 _aGobierno y prensa
_zBarranquilla (Colombia{Rpara}
_xHistoria
_y1880-1930
_932610
651 4 _aBarranquilla (Colombia{Rpara}
_xPolítica Y Gobierno
_y1880-1930
_932611
700 1 _aColpas Gutiérrez, Jaime.
_932612
700 1 _aGonzález Chamorro, Ever,
_d1964-
_932613
830 0 _aCiencias económicas y sociales Rodrigo Noguera Barreneche.
_932614
910 _aCatalogación por copia / LC
049 _aBNGR
999 _c14039
_d14039